000 00598nam a2200205 u 4500
005 20240912063858.0
008 170907s1994 r 000 0 eng d
020 _a9505818378
035 _aUPN01000220322
049 _aI
050 4 _aPQ7798.28 O4.3
_bH6.5
100 1 _aRoldán, Gustavo,
_d1935-2012
_930946
245 1 3 _aEl hombre que pisó su sombra /
_cGustavo Roldán.
260 _aBuenos Aires :
_bColihue,
_c1994.
300 _a[11] p. :
_bprincipalmente il.
440 4 _aLos morochitos
650 4 _aCuentos infantiles argentinos
_97466
905 _aInfantil
999 _c192421
_d192421